00515nam a2200169Ia 450000500170000000800410001708200130005810000230007124500330009425000080012726000440013530000130017950000330019294200060022595200990023199900150033020250324010351.0240331s9999 xx 000 0 und d bPURa894 aSwaminathayar, U.V 0aPurananooru moolamum uraiyum a6th aThanchavoorbMaru Thondri Achagamc1985 a682 p ., aPura naanuru moolamum uraium cL 001040708LaWERCLbWERCLcSSCd2024-03-31l0o 894.811 PURp1623r2024-03-31w2024-03-31yL c4116d4116